000
00324nam a2200133Ia 4500
008
231129s1981||||xx |||||||||||||| ||spa||
040
_b
spa
082
_a
Co868 B516
100
_a
Bermudez Alberto
245
0
_a
Laureano Gómez: Obras selectas
260
_c
1981
264
_a
Camara de Representantes
942
_2
ddc
_c
BKS
999
_c
19031
_d
19031